|
|
|
|
| LEADER |
00000nam0a2200000 4500 |
| 001 |
274007 |
| 005 |
20231101234703.0 |
| 035 |
|
|
|a (RuTPU)RU\TPU\book\297217
|
| 090 |
|
|
|a 274007
|
| 100 |
|
|
|a 20141030d1958 k y0rusy50 ca
|
| 101 |
1 |
|
|a rus
|c eng
|
| 102 |
|
|
|a RU
|
| 105 |
|
|
|a y z 001zy
|
| 200 |
1 |
|
|a Теория игр и статистических решений
|e пер. с англ.
|f Д. Блекуэлл, М. А. Гиршик
|g под ред. Б. А. Севастьянова
|
| 210 |
|
|
|a Москва
|c Изд-во иностранной литературы
|d 1958
|
| 215 |
|
|
|a 374 с.
|
| 320 |
|
|
|a Библиогр.: с. 351-359.
|
| 320 |
|
|
|a Указатель: с. 361-371.
|
| 606 |
1 |
|
|a Математика
|2 stltpush
|3 (RuTPU)RU\TPU\subj\67327
|9 83171
|
| 610 |
1 |
|
|a теория игр
|
| 610 |
1 |
|
|a статистические решения
|
| 610 |
1 |
|
|a оптимальные стратегии
|
| 610 |
1 |
|
|a выборки
|
| 610 |
1 |
|
|a оценка
|
| 610 |
1 |
|
|a сравнения
|
| 610 |
1 |
|
|a испытания
|
| 675 |
|
|
|a 51
|v 3
|
| 700 |
|
1 |
|a Блекуэлл
|b Д.
|
| 701 |
|
1 |
|a Гиршик
|b М. А.
|
| 702 |
|
1 |
|a Севастьянов
|b Б. А.
|4 340
|
| 801 |
|
1 |
|a RU
|b 63413507
|c 20141030
|
| 801 |
|
2 |
|a RU
|b 63413507
|c 20141205
|g RCR
|
| 942 |
|
|
|c BK
|